[Event "Ricany op"]
[Site "Ricany"]
[Date "2023.09.02"]
[Round "9"]
[White "Salac, Jiri"]
[Black "Pavlicek, Petr"]
[Result "1/2-1/2"]
[WhiteElo "1885"]
[BlackElo "1688"]
[PlyCount "80"]
[EventDate "2023.08.26"]
[EventType "swiss"]
[EventRounds "9"]
[EventCountry "CZE"]
[SourceTitle "EXT 2024"]
[Source "ChessBase"]
[SourceDate "2023.10.10"]
[SourceVersion "1"]
[SourceVersionDate "2023.10.10"]
[SourceQuality "1"]

1. d4 d5 2. Bf4 Nf6 3. e3 e6 4. Nd2 c5 5. c3 b6 6. Bd3 Bb7 7. Ngf3 Be7 8. Qb1 Nbd7 9. h3 h6 10. 0-0 0-0 11. b4 c4 12. Bc2 b5 13. a4 a6 14. Ne5 Nxe5 15. Bxe5 Nd7 16. Bh2 Bc6 17. e4 dxe4 18. Bxe4 Bxe4 19. Nxe4 Nb6 20. a5 Nd5 21. Qc2 Qd7 22. Rad1 Qc6 23. Rfe1 Rae8 24. Nc5 Bd6 25. Bxd6 Qxd6 26. Rd2 g6 27. Rde2 Kg7 28. g3 Rg8 29. Re4 Re7 30. Qd2 Rge8 31. f4 Rg8 32. Kf2 Kh7 33. Re5 Qc6 34. Ke2 Nf6 35. Kd1 Qf3+ 36. Kc2 Qxg3 37. Nxa6 Nh5 38. R5e4 Rd8 39. Nc5 Nf6 40. Re5 Nd5 1/2-1/2

[Event "Ricany op"]
[Site "Ricany"]
[Date "2023.09.01"]
[Round "8"]
[White "Pavlicek, Petr"]
[Black "Svetly, Jiri"]
[Result "1-0"]
[WhiteElo "1688"]
[BlackElo "1850"]
[PlyCount "81"]
[EventDate "2023.08.26"]
[EventType "swiss"]
[EventRounds "9"]
[EventCountry "CZE"]
[SourceTitle "EXT 2024"]
[Source "ChessBase"]
[SourceDate "2023.10.10"]
[SourceVersion "1"]
[SourceVersionDate "2023.10.10"]
[SourceQuality "1"]

1. Nf3 Nf6 2. d4 g6 3. c4 Bg7 4. g3 d6 5. Bg2 0-0 6. 0-0 c5 7. Nc3 a6 8. h3 Nc6 9. dxc5 dxc5 10. Be3 Nd7 11. Qd2 e6 12. Bh6 Nde5 13. Qxd8 Rxd8 14. Bxg7 Kxg7 15. Nxe5 Nxe5 16. b3 f5 17. Na4 Rb8 18. Nxc5 b6 19. Na4 b5 20. cxb5 Bd7 21. bxa6 Bxa4 22. a7 Ra8 23. Bxa8 Rxa8 24. bxa4 Rxa7 25. Rfc1 Rxa4 26. Rc3 Kf6 27. a3 Nc4 28. Rb3 Ra6 29. a4 Ke5 30. a5 Kd6 31. Ra4 Ne5 32. Rb7 h5 33. f4 Nc4 34. Rg7 Kc5 35. Rxg6 Kb5 36. Ra2 Nxa5 37. Rh6 Rd6 38. Rxh5 Kb4 39. g4 Nc4 40. Kf2 Nd2 41. Rc2 1-0

[Event "Ricany op"]
[Site "Ricany"]
[Date "2023.08.28"]
[Round "4"]
[White "Pavlicek, Petr"]
[Black "Pogorelskiy, Boris"]
[Result "1/2-1/2"]
[WhiteElo "1688"]
[BlackElo "1445"]
[PlyCount "62"]
[EventDate "2023.08.26"]
[EventType "swiss"]
[EventRounds "9"]
[EventCountry "CZE"]
[SourceTitle "EXT 2024"]
[Source "ChessBase"]
[SourceDate "2023.10.10"]
[SourceVersion "1"]
[SourceVersionDate "2023.10.10"]
[SourceQuality "1"]

1. e4 c5 2. Nf3 e6 3. d4 cxd4 4. Nxd4 Qc7 5. Nc3 a6 6. g3 Bb4 7. Bd2 Nf6 8. Bg2 Nc6 9. Nb3 b5 10. 0-0 Be7 11. Bf4 e5 12. Be3 d5 13. h3 0-0 14. a3 Na5 15. Nxa5 Qxa5 16. Qd2 Qc7 17. Bg5 Be6 18. Rfd1 Rfd8 19. Bxf6 Bxf6 20. Rac1 h6 21. h4 Rac8 22. Nxd5 Bxd5 23. Qxd5 Qc6 24. c4 Qxd5 25. Rxd5 g5 26. hxg5 Bxg5 27. Rcd1 Rc6 28. Bf1 Kg7 29. Kg2 Kg6 30. Be2 f5 31. f3 f4 1/2-1/2

[Event "CZE-ch Amateur"]
[Site "Hluk"]
[Date "2023.05.11"]
[Round "9"]
[White "Benes, Miroslav"]
[Black "Pavlicek, Petr"]
[Result "1/2-1/2"]
[WhiteElo "1939"]
[BlackElo "1791"]
[PlyCount "63"]
[EventDate "2023.05.06"]
[EventType "swiss"]
[EventRounds "9"]
[EventCountry "CZE"]
[SourceTitle "CBM 214 Extra"]
[Source "ChessBase"]
[SourceDate "2023.07.31"]
[SourceVersion "1"]
[SourceVersionDate "2023.07.31"]
[SourceQuality "1"]

1. Nf3 Nf6 2. c4 e6 3. Nc3 d5 4. e3 Be7 5. b3 0-0 6. Bb2 b6 7. cxd5 exd5 8. Rc1 Bb7 9. Nd4 Ne4 10. Qg4 Nxc3 11. Bxc3 Bf6 12. Bd3 c5 13. Nf5 Bxc3 14. dxc3 Qf6 15. Qh3 g6 16. Qg3 Nc6 17. Nh6+ Kh8 18. Ng4 Qg7 19. h4 h5 20. Nh2 Rae8 21. 0-0 Qe5 22. Qf3 Kg7 23. Qd1 Qf6 24. Nf3 Ne5 25. Ng5 Nxd3 26. Qxd3 Qe5 27. Rce1 f6 28. f4 Qe7 29. Nf3 Qe4 30. Qb5 Re7 31. Nd2 Qf5 32. Qe2 1/2-1/2

[Event "Ricany op 20th"]
[Site "Ricany"]
[Date "2022.08.30"]
[Round "5"]
[White "Pavlicek, Petr"]
[Black "Cervenka, Petr"]
[Result "0-1"]
[WhiteElo "1781"]
[BlackElo "1928"]
[PlyCount "58"]
[EventDate "2022.08.27"]
[EventType "swiss"]
[EventRounds "9"]
[EventCountry "CZE"]
[SourceTitle "CBM 210 Extra"]
[Source "ChessBase"]
[SourceDate "2022.11.30"]
[SourceVersion "1"]
[SourceVersionDate "2022.11.30"]
[SourceQuality "1"]

1. d4 e6 2. Nf3 f5 3. g3 Nf6 4. Bg2 Be7 5. 0-0 0-0 6. c4 Ne4 7. Nfd2 d5 8. b3 Bf6 9. e3 c5 10. Bb2 cxd4 11. Nxe4 dxe4 12. Bxd4 Nc6 13. Bxf6 Qxf6 14. Nd2 Rd8 15. Qc1 Rd3 16. Rd1 Bd7 17. Bf1 Rc3 18. Qa3 Rc2 19. Rac1 Rxc1 20. Qxc1 Ne5 21. Be2 Bc6 22. Nf1 g5 23. Rd6 Rf8 24. Qd2 Qh6 25. Qd1 Qh3 26. Rxe6 Nf3+ 27. Kh1 f4 28. Qa1 Ne1 29. Qxe1 f3 0-1

[Event "Ricany op 20th"]
[Site "Ricany"]
[Date "2022.08.29"]
[Round "4"]
[White "Mrazek, Adam"]
[Black "Pavlicek, Petr"]
[Result "1-0"]
[WhiteElo "1546"]
[BlackElo "1781"]
[PlyCount "75"]
[EventDate "2022.08.27"]
[EventType "swiss"]
[EventRounds "9"]
[EventCountry "CZE"]
[SourceTitle "CBM 210 Extra"]
[Source "ChessBase"]
[SourceDate "2022.11.30"]
[SourceVersion "1"]
[SourceVersionDate "2022.11.30"]
[SourceQuality "1"]

1. d4 d5 2. c4 e6 3. Nc3 Be7 4. Nf3 Nf6 5. Bg5 0-0 6. e3 h6 7. Bh4 b6 8. cxd5 Nxd5 9. Bxe7 Qxe7 10. Nxd5 exd5 11. Bd3 Bg4 12. 0-0 Qf6 13. Rc1 c6 14. b4 Nd7 15. Be2 Rac8 16. Qb3 Bf5 17. Rc3 Rfe8 18. Rfc1 Qd6 19. Qa4 b5 20. Qa6 Nb6 21. Ne5 Nc4 22. a4 Rc7 23. axb5 Nxe5 24. dxe5 Qxb4 25. Rxc6 Rxc6 26. bxc6 Rc8 27. h3 Qb2 28. Rc5 Qxe5 29. Qxa7 Rc7 30. Qb6 Kh7 31. Rxd5 Qa1+ 32. Kh2 Be6 33. Bd3+ g6 34. Qxc7 Bxd5 35. Qd6 Be6 36. c7 Qc3 37. Ba6 Kg7 38. Qd4+ 1-0

[Event "Ricany op 20th"]
[Site "Ricany"]
[Date "2022.08.28"]
[Round "3"]
[White "Pavlicek, Petr"]
[Black "Hejsek, Lukas"]
[Result "1/2-1/2"]
[WhiteElo "1781"]
[BlackElo "1994"]
[PlyCount "66"]
[EventDate "2022.08.27"]
[EventType "swiss"]
[EventRounds "9"]
[EventCountry "CZE"]
[SourceTitle "CBM 210 Extra"]
[Source "ChessBase"]
[SourceDate "2022.11.30"]
[SourceVersion "1"]
[SourceVersionDate "2022.11.30"]
[SourceQuality "1"]

1. e4 c5 2. Nf3 Nc6 3. d4 cxd4 4. Nxd4 Nf6 5. Nc3 d6 6. Ndb5 e5 7. Bg5 a6 8. Na3 b5 9. Nd5 Be7 10. Bxf6 Bxf6 11. c4 b4 12. Nc2 0-0 13. g3 Bg5 14. Bg2 Be6 15. 0-0 a5 16. b3 Rc8 17. Nce3 Nd4 18. Qd3 g6 19. Rad1 Rb8 20. f4 Bh6 21. f5 Bxd5 22. Nxd5 f6 23. Bh3 a4 24. Rf2 g5 25. Bg4 Rf7 26. Rb1 axb3 27. axb3 Ra7 28. Kg2 Ra3 29. Bd1 Bg7 30. Rfb2 Qa5 31. Qd2 Kf7 32. Bh5+ Kf8 33. Kh3 Bh6 1/2-1/2

[Event "Ceske Budejovice op-A"]
[Site "Ceske Budejovice"]
[Date "2022.07.06"]
[Round "6"]
[White "Pavlicek, Petr"]
[Black "Jilek, Marcel"]
[Result "1-0"]
[WhiteElo "1806"]
[BlackElo "1565"]
[PlyCount "53"]
[EventDate "2022.07.01"]
[EventType "swiss"]
[EventRounds "9"]
[EventCountry "CZE"]
[SourceTitle "CBM 209 Extra"]
[Source "ChessBase"]
[SourceDate "2022.09.30"]
[SourceVersion "1"]
[SourceVersionDate "2022.09.30"]
[SourceQuality "1"]

1. d4 Nf6 2. c4 d6 3. g3 g6 4. Bg2 Bg7 5. Nf3 0-0 6. Nc3 Nbd7 7. 0-0 c5 8. d5 Nb6 9. Qd3 Bd7 10. h3 Na4 11. Nxa4 Bxa4 12. Bd2 Bd7 13. e4 a6 14. Bc3 b5 15. b3 b4 16. Bb2 Qc8 17. g4 h5 18. g5 Ne8 19. Bxg7 Nxg7 20. Kh2 Qc7 21. Nh4 e6 22. Rad1 e5 23. f4 exf4 24. Rxf4 Rae8 25. Rdf1 Qd8 26. Rf6 Re7 27. Nxg6 1-0

[Event "Ceske Budejovice op-A"]
[Site "Ceske Budejovice"]
[Date "2022.07.01"]
[Round "1"]
[White "Panjer, Sidney"]
[Black "Pavlicek, Petr"]
[Result "1-0"]
[WhiteElo "2140"]
[BlackElo "1806"]
[PlyCount "111"]
[EventDate "2022.07.01"]
[EventType "swiss"]
[EventRounds "9"]
[EventCountry "CZE"]
[SourceTitle "CBM 209 Extra"]
[Source "ChessBase"]
[SourceDate "2022.09.30"]
[SourceVersion "1"]
[SourceVersionDate "2022.09.30"]
[SourceQuality "1"]

1. Nf3 Nf6 2. c4 g6 3. Nc3 d5 4. cxd5 Nxd5 5. e4 Nxc3 6. dxc3 Qxd1+ 7. Kxd1 Bg7 8. Bf4 c6 9. a4 Bg4 10. Kc2 Bxf3 11. gxf3 Nd7 12. Be2 0-0-0 13. b4 h5 14. Be3 Kb8 15. f4 e6 16. Rhg1 Bf6 17. e5 Be7 18. a5 c5 19. b5 Kc8 20. Ra4 Kb8 21. Re4 Rc8 22. Rd1 Rhd8 23. h3 Nf8 24. Rg1 Rd7 25. Bf3 Rdd8 26. Ra4 Rd7 27. Kb3 Rdd8 28. Kc4 Rd7 29. Raa1 Rcd8 30. Be4 Rc8 31. Rgd1 Rxd1 32. Rxd1 Rc7 33. b6 Rc8 34. bxa7+ Kxa7 35. Rb1 Rc7 36. Kb5 Nd7 37. Ra1 Nb8 38. Rd1 Na6 39. Bf3 Nb8 40. Rd2 Na6 41. Bd1 Nb8 42. Ba4 Nc6 43. Rd1 Nd8 44. Kc4 Ka6 45. Rd7 Rxd7 46. Bxd7 b6 47. axb6 Kxb6 48. Be8 Bf8 49. f3 Be7 50. Bf2 h4 51. Bg1 Bf8 52. Be3 Be7 53. Bf2 g5 54. fxg5 Nc6 55. Bxc6 Kxc6 56. f4 1-0

[Event "Prague Menchik Memorial Rapid"]
[Site "Prague"]
[Date "2021.09.28"]
[Round "9"]
[White "Pavlicek, Petr"]
[Black "Ocelak, Jakub"]
[Result "0-1"]
[WhiteElo "1846"]
[BlackElo "2162"]
[PlyCount "114"]
[EventDate "2021.09.28"]
[EventType "swiss (rapid)"]
[EventRounds "9"]
[EventCountry "CZE"]
[SourceTitle "CBM 204 Extra"]
[Source "ChessBase"]
[SourceDate "2021.11.30"]
[SourceVersion "1"]
[SourceVersionDate "2021.11.30"]
[SourceQuality "1"]

1. c4 g6 2. d4 Bg7 3. Nc3 d6 4. g3 Nf6 5. Nf3 0-0 6. Bg2 Bg4 7. h3 Bxf3 8. Bxf3 Nc6 9. 0-0 Nd7 10. Be3 e5 11. d5 Ne7 12. g4 f5 13. Bg5 e4 14. Bg2 h6 15. Bh4 Ne5 16. Qb3 g5 17. Bg3 f4 18. Bh2 f3 19. Bh1 fxe2 20. Nxe2 Nf3+ 21. Bxf3 exf3 22. Ng3 Be5 23. Rae1 Rf7 24. Re3 Qf8 25. Rd1 Ng6 26. Nf5 Bxh2+ 27. Kxh2 Ne5 28. Qc3 h5 29. Kg3 Rxf5 30. gxf5 Qxf5 31. Rxf3 Nxf3 32. Qxf3 Qxf3+ 33. Kxf3 Rf8+ 34. Kg2 Rf4 35. b3 Re4 36. Kf1 Kf7 37. Re1 Rd4 38. Re2 a5 39. Kg2 a4 40. Kf3 b6 41. Re3 Rd2 42. a3 axb3 43. Rxb3 Rc2 44. Ke4 Kg6 45. f3 Rxc4+ 46. Ke3 Kf5 47. Rd3 Ke5 48. Kd2 Rc5 49. Re3+ Kf4 50. Re7 Kxf3 51. Rh7 h4 52. Rg7 Rxd5+ 53. Kc3 Rc5+ 54. Kd4 Kg3 55. Re7 Kxh3 56. Re3+ Kg4 57. Re4+ Kf5 0-1

[Event "Ricany op"]
[Site "Ricany"]
[Date "2020.08.29"]
[Round "9"]
[White "Pavlicek, Petr"]
[Black "Plasek, Zdenek"]
[Result "1/2-1/2"]
[WhiteElo "1860"]
[BlackElo "1967"]
[PlyCount "105"]
[EventDate "2020.08.22"]
[EventType "swiss"]
[EventRounds "9"]
[EventCountry "CZE"]
[SourceTitle "CBM 198 Extra"]
[Source "ChessBase"]
[SourceDate "2020.11.30"]
[SourceVersion "1"]
[SourceVersionDate "2020.11.30"]
[SourceQuality "1"]

1. c4 e6 2. Nf3 Nf6 3. d4 d5 4. g3 dxc4 5. Qa4+ Nbd7 6. Qxc4 a6 7. Bg2 b5 8. Qc2 Bb7 9. 0-0 c5 10. dxc5 Bxc5 11. Nc3 0-0 12. Bf4 Rc8 13. Qd3 Qe7 14. Be3 Rfd8 15. Bxc5 Nxc5 16. Qe3 b4 17. Nd1 Nd5 18. Qg5 f6 19. Qg4 a5 20. e4 Nb6 21. e5 Nd3 22. exf6 Qxf6 23. Qh4 Rc4 24. Qxf6 gxf6 25. Ne3 Bxf3 26. Bxf3 Rcd4 27. b3 Kg7 28. Bg4 Kf7 29. Bh5+ Ke7 30. Be2 Nb2 31. Rfe1 Nd5 32. Nc4 Nxc4 33. Bxc4 Rd6 34. a3 Nb6 35. Be2 Rd2 36. axb4 axb4 37. Ra7+ Rd7 38. Rxd7+ Kxd7 39. Rd1 Rxd1+ 40. Bxd1 Kd6 41. Kf1 Nd7 42. Ke2 Kd5 43. Ke3 Nc5 44. f3 Ke5 45. Bc2 h6 46. h3 Kd5 47. g4 e5 48. h4 Ne6 49. Bd1 Kd6 50. Bc2 Nd4 51. Bd1 Kc5 52. f4 Ne6 53. fxe5 1/2-1/2

[Event "Ricany op"]
[Site "Ricany"]
[Date "2020.08.27"]
[Round "7"]
[White "Pavlicek, Petr"]
[Black "Rucabado, Stefan"]
[Result "1-0"]
[WhiteElo "1860"]
[BlackElo "1570"]
[PlyCount "66"]
[EventDate "2020.08.22"]
[EventType "swiss"]
[EventRounds "9"]
[EventCountry "CZE"]
[SourceTitle "CBM 198 Extra"]
[Source "ChessBase"]
[SourceDate "2020.11.30"]
[SourceVersion "1"]
[SourceVersionDate "2020.11.30"]
[SourceQuality "1"]

1. Nf3 Nf6 2. d4 g6 3. c4 Bg7 4. g3 0-0 5. Bg2 d6 6. Nc3 Nc6 7. d5 Nb8 8. 0-0 a5 9. e4 e5 10. dxe6 Bxe6 11. Qe2 Na6 12. h3 Re8 13. Be3 Bd7 14. Nd4 Nc5 15. Qc2 Qc8 16. Kh2 Ne6 17. Rad1 Nxd4 18. Bxd4 Bc6 19. Rd2 Nd7 20. Bxg7 Kxg7 21. b3 Nc5 22. Nd5 Bxd5 23. cxd5 f5 24. exf5 Qxf5 25. Qxf5 gxf5 26. f4 Re3 27. g4 h6 28. g5 hxg5 29. fxg5 Kg6 30. Rdf2 Re5 31. h4 Nd3 32. Rxf5 Re2 33. Rf6+ Kh5 1-0

[Event "Vsetin op 45th"]
[Site "Vsetin"]
[Date "2020.07.08"]
[Round "6"]
[White "Pavlicek, Petr"]
[Black "Zgarba, Radek"]
[Result "0-1"]
[WhiteElo "1892"]
[BlackElo "1904"]
[PlyCount "52"]
[EventDate "2020.07.04"]
[EventType "swiss"]
[EventRounds "9"]
[EventCountry "CZE"]
[SourceTitle "CBM 197 Extra"]
[Source "ChessBase"]
[SourceDate "2020.09.30"]
[SourceVersion "1"]
[SourceVersionDate "2020.09.30"]
[SourceQuality "1"]

1. Nf3 Nf6 2. d4 g6 3. c4 d5 4. cxd5 Nxd5 5. e4 Nb6 6. Nc3 Bg7 7. Be2 0-0 8. 0-0 Nc6 9. d5 Na5 10. Qc2 Bg4 11. Nd2 Bxe2 12. Nxe2 c6 13. dxc6 Nxc6 14. Rd1 Rc8 15. Nb3 Nd4 16. Qd3 Nc2 17. Rb1 Nb4 18. Qxd8 Rfxd8 19. Rxd8+ Rxd8 20. Bd2 Nxa2 21. Ra1 Rd3 22. Rxa2 Rxb3 23. Rxa7 Rxb2 24. Bc1 Rxe2 25. Kf1 Rc2 26. Be3 Nc8 0-1

[Event "Vsetin op 45th"]
[Site "Vsetin"]
[Date "2020.07.04"]
[Round "1"]
[White "Pavlicek, Petr"]
[Black "Nytra, Ondrej"]
[Result "0-1"]
[WhiteElo "1892"]
[BlackElo "2150"]
[PlyCount "118"]
[EventDate "2020.07.04"]
[EventType "swiss"]
[EventRounds "9"]
[EventCountry "CZE"]
[SourceTitle "CBM 197 Extra"]
[Source "ChessBase"]
[SourceDate "2020.09.30"]
[SourceVersion "1"]
[SourceVersionDate "2020.09.30"]
[SourceQuality "1"]

1. c4 e5 2. Nc3 Nf6 3. Nf3 Nc6 4. g3 d5 5. cxd5 Nxd5 6. Bg2 Nb6 7. 0-0 Be7 8. Rb1 0-0 9. b4 Bf5 10. e4 Bg4 11. b5 Nd4 12. d3 Bc5 13. Be3 Qf6 14. Bxd4 Bxd4 15. Rc1 Rad8 16. h3 Bxf3 17. Qxf3 Qg5 18. Ne2 Qe7 19. Nxd4 Rxd4 20. Qe2 Rfd8 21. Rfd1 Qd6 22. Bf1 Na4 23. Qc2 Rd7 24. Be2 b6 25. Qb3 Nc5 26. Qa3 Rd8 27. Rc4 Nxe4 28. Rxd4 exd4 29. Qxa7 Nc3 30. Rd2 Nxb5 31. Qb7 Qe6 32. Kg2 Qd6 33. Bf3 Nc3 34. Rb2 g6 35. a3 Re8 36. Rb4 Re6 37. h4 Kg7 38. h5 gxh5 39. Bxh5 Rh6 40. Qf3 Qd5 41. Bg4 Qe5 42. Bh3 c5 43. Rb2 Rf6 44. Qg4+ Rg6 45. Qf3 b5 46. Bd7 c4 47. Bf5 Rg5 48. g4 h5 49. Qg3 Qxg3+ 50. Kxg3 hxg4 51. Kf4 Kf6 52. Bxg4 Nd5+ 53. Ke4 c3 54. Re2 Re5+ 55. Kf3 Rxe2 56. Kxe2 Nf4+ 57. Kd1 Nxd3 58. Be2 Nxf2+ 59. Kc2 d3+ 0-1

[Event "WchT Seniors 65"]
[Site "Prague"]
[Date "2020.03.09"]
[Round "4.20"]
[White "Gibson, John F"]
[Black "Pavlicek, Petr"]
[Result "1/2-1/2"]
[WhiteElo "1830"]
[BlackElo "1898"]
[PlyCount "37"]
[EventDate "2020.03.06"]
[EventType "team-swiss"]
[EventRounds "7"]
[EventCountry "CZE"]
[SourceTitle "CBM 195 Extra"]
[Source "ChessBase"]
[SourceDate "2020.05.31"]
[SourceVersion "1"]
[SourceVersionDate "2020.05.31"]
[SourceQuality "1"]
[WhiteTeam "Ireland 65"]
[BlackTeam "Czech Republic 65 VII"]
[WhiteTeamCountry "IRL"]
[BlackTeamCountry "CZE"]

1. c4 e6 2. Nc3 d5 3. d4 Be7 4. g3 Nf6 5. Bg2 0-0 6. b3 c6 7. Nf3 Nbd7 8. 0-0 Re8 9. Qc2 Nf8 10. e4 dxe4 11. Nxe4 Ng6 12. Rd1 Qc7 13. h3 e5 14. dxe5 Nxe5 15. Nxe5 Qxe5 16. Bb2 Qe6 17. Ng5 Qf5 18. Qxf5 Bxf5 19. Nf3 1/2-1/2

[Event "Prague op-A 19th"]
[Site "Prague"]
[Date "2020.01.11"]
[Round "3"]
[White "Pavlicek, Petr"]
[Black "Tsotsonava, Elene"]
[Result "0-1"]
[WhiteElo "1924"]
[BlackElo "2078"]
[PlyCount "52"]
[EventDate "2020.01.10"]
[EventType "swiss"]
[EventRounds "9"]
[EventCountry "CZE"]
[SourceTitle "CBM 195 Extra"]
[Source "ChessBase"]
[SourceDate "2020.05.31"]
[SourceVersion "1"]
[SourceVersionDate "2020.05.31"]
[SourceQuality "1"]

1. e4 c5 2. Nf3 e6 3. d4 cxd4 4. Nxd4 Nc6 5. Nc3 Qc7 6. g3 a6 7. Bg2 h5 8. h3 Nf6 9. Bg5 Bc5 10. Nb3 Ba7 11. Bf3 Ne5 12. Bxf6 gxf6 13. Qe2 b5 14. 0-0-0 Bb7 15. Bg2 Rc8 16. Rhe1 Nc4 17. Rd3 b4 18. Nd1 a5 19. Na1 Ba6 20. Rb3 h4 21. Qf3 Bd4 22. Bf1 Ne5 23. Qg2 Nc4 24. Bxc4 Qxc4 25. Qf1 Qxf1 26. Rxf1 a4 0-1

[Event "Ceske Budejovice op"]
[Site "Ceske Budejovice"]
[Date "2019.07.06"]
[Round "8"]
[White "Pavlicek, Petr"]
[Black "Brhlik, Antonin"]
[Result "1-0"]
[WhiteElo "1828"]
[BlackElo "1639"]
[PlyCount "139"]
[EventDate "2019.06.29"]
[EventType "swiss"]
[EventRounds "9"]
[EventCountry "CZE"]
[SourceTitle "CBM 191 Extra"]
[Source "ChessBase"]
[SourceDate "2019.09.30"]
[SourceVersion "1"]
[SourceVersionDate "2019.09.30"]
[SourceQuality "1"]

1. Nf3 Nf6 2. d4 c5 3. c4 cxd4 4. Nxd4 e5 5. Nb5 d5 6. cxd5 Bc5 7. e3 0-0 8. Bc4 a6 9. N5c3 e4 10. 0-0 Bd6 11. Be2 Qe7 12. Nd2 b5 13. a3 Bb7 14. Qc2 Re8 15. Rd1 Nbd7 16. Nf1 Rac8 17. Qd2 Nb6 18. Ng3 Bxg3 19. hxg3 Nbxd5 20. Nxd5 Bxd5 21. Qe1 Bb3 22. Rd4 Red8 23. Rxd8+ Qxd8 24. Bd2 Nd5 25. Rc1 Rxc1 26. Qxc1 Qc7 27. Qxc7 Nxc7 28. Ba5 Nd5 29. Bg4 Ne7 30. Bb4 Nc6 31. Bc8 a5 32. Bc5 a4 33. Kf1 Ne5 34. Bd4 Bc4+ 35. Kg1 Nd3 36. Bd7 f6 37. Bc6 f5 38. Bd7 g6 39. g4 fxg4 40. Bxg4 Kf7 41. Bd7 Nc1 42. Kh2 Ke7 43. Bc6 Bd3 44. Bd5 Nb3 45. Be5 Nc5 46. g4 Ne6 47. Kg3 Kd7 48. Bf4 Ke7 49. g5 Kd7 50. Kg4 Ke7 51. Be5 Kd7 52. Kh4 Bc2 53. Kg4 Bd1+ 54. Kh4 Bc2 55. Bf4 Bd3 56. Kg3 Bc2 57. Kg2 Bd3 58. Kg1 Bc2 59. Kf1 Bd3+ 60. Ke1 Bb1 61. Kd2 Bd3 62. Kc3 Bb1 63. Kb4 Bd3 64. Ka5 Bc4 65. Bxe4 Nxf4 66. exf4 Kd6 67. Kb4 Be2 68. Kc3 Kc5 69. f5 gxf5 70. Bxf5 1-0

[Event "Ricany op-A"]
[Site "Ricany"]
[Date "2018.08.29"]
[Round "6"]
[White "Havelka, Petr"]
[Black "Pavlicek, Petr"]
[Result "1/2-1/2"]
[WhiteElo "1847"]
[BlackElo "1888"]
[PlyCount "23"]
[EventDate "2018.08.25"]
[EventType "swiss"]
[EventRounds "9"]
[EventCountry "CZE"]
[SourceTitle "EXT 2019"]
[Source "ChessBase"]
[SourceDate "2018.10.10"]
[SourceVersion "1"]
[SourceVersionDate "2018.10.10"]
[SourceQuality "1"]

1. d4 d5 2. c4 e6 3. Nc3 Be7 4. Nf3 Nf6 5. Bg5 0-0 6. e3 h6 7. Bh4 b6 8. cxd5 Nxd5 9. Bxe7 Qxe7 10. Be2 Nxc3 11. bxc3 Bb7 12. 0-0 1/2-1/2

[Event "Ricany op-A"]
[Site "Ricany"]
[Date "2018.08.26"]
[Round "3"]
[White "Pacl, Vaclav"]
[Black "Pavlicek, Petr"]
[Result "1-0"]
[WhiteElo "2033"]
[BlackElo "1888"]
[PlyCount "65"]
[EventDate "2018.08.25"]
[EventType "swiss"]
[EventRounds "9"]
[EventCountry "CZE"]
[SourceTitle "EXT 2019"]
[Source "ChessBase"]
[SourceDate "2018.10.10"]
[SourceVersion "1"]
[SourceVersionDate "2018.10.10"]
[SourceQuality "1"]

1. d4 Nf6 2. Nf3 g6 3. Nbd2 d5 4. e3 Bg7 5. b4 a5 6. b5 c5 7. bxc6 bxc6 8. Ba3 0-0 9. c4 Re8 10. Qa4 Bf5 11. Ne5 Qb6 12. cxd5 cxd5 13. Bb5 Bc2 14. Nb3 Rc8 15. Bc5 Qc7 16. Rc1 Bxb3 17. axb3 e6 18. 0-0 Na6 19. Bxa6 Rxa6 20. b4 Raa8 21. b5 Nd7 22. Ba3 Qb7 23. Nc6 Bf8 24. Bxf8 Rxf8 25. Rb1 Nb6 26. Qa3 Nc4 27. Qc3 Qb6 28. e4 Rfe8 29. Rfe1 a4 30. exd5 exd5 31. Ne7+ Rxe7 32. Rxe7 a3 33. Qf3 1-0

[Event "Ricany op-A"]
[Site "Ricany"]
[Date "2018.08.26"]
[Round "2"]
[White "Pavlicek, Petr"]
[Black "Cabart, Pavel"]
[Result "1-0"]
[WhiteElo "1888"]
[BlackElo "1746"]
[PlyCount "85"]
[EventDate "2018.08.25"]
[EventType "swiss"]
[EventRounds "9"]
[EventCountry "CZE"]
[SourceTitle "EXT 2019"]
[Source "ChessBase"]
[SourceDate "2018.10.10"]
[SourceVersion "1"]
[SourceVersionDate "2018.10.10"]
[SourceQuality "1"]

1. c4 b6 2. Nf3 Bb7 3. g3 e6 4. Bg2 Nf6 5. 0-0 c5 6. Nc3 Be7 7. b3 0-0 8. Bb2 d6 9. Qc2 Nc6 10. Rad1 a6 11. a3 Qc7 12. e3 Ne5 13. Ng5 Bxg2 14. Kxg2 Qc6+ 15. f3 h6 16. Nh3 b5 17. d4 cxd4 18. exd4 Ned7 19. d5 Qc5 20. dxe6 fxe6 21. Nf4 Qf5 22. Qxf5 exf5 23. cxb5 axb5 24. Ng6 Rfe8 25. Nxe7+ Rxe7 26. Rxd6 Rb8 27. b4 Nb6 28. Rfd1 Nc4 29. Rd8+ Rxd8 30. Rxd8+ Kf7 31. Bc1 Re1 32. Rd1 Rxd1 33. Nxd1 Nd5 34. Kf2 g5 35. Ke2 Ke6 36. Kd3 Ne5+ 37. Ke2 Nc4 38. f4 g4 39. Kd3 Kd6 40. Kd4 h5 41. a4 Nxb4 42. axb5 Nb6 43. Ba3 1-0

[Event "Brno op 7th"]
[Site "Brno"]
[Date "2017.11.18"]
[Round "9"]
[White "Bengherabi, Khalil"]
[Black "Pavlicek, Petr"]
[Result "1-0"]
[WhiteElo "2220"]
[BlackElo "1911"]
[PlyCount "105"]
[EventDate "2017.11.11"]
[EventType "swiss"]
[EventRounds "9"]
[EventCountry "CZE"]
[SourceTitle "CBM 181 Extra"]
[Source "ChessBase"]
[SourceDate "2017.12.12"]
[SourceVersion "1"]
[SourceVersionDate "2017.12.12"]
[SourceQuality "1"]

1. e4 c5 2. Nf3 d6 3. d4 cxd4 4. Nxd4 Nf6 5. Nc3 a6 6. g3 e5 7. Nb3 Be6 8. Bg2 Be7 9. 0-0 0-0 10. Re1 Nbd7 11. Nd2 Rc8 12. Nf1 Qc7 13. Ne3 Nb6 14. Ncd5 Bxd5 15. exd5 Rfe8 16. a4 Nc4 17. Nf5 Bf8 18. Bh3 Rb8 19. Bg5 Be7 20. Nxe7+ Qxe7 21. a5 e4 22. Qd4 Ne5 23. Bg2 h6 24. Bxf6 Qxf6 25. Rxe4 Rec8 26. f4 Nd7 27. Bh3 Qd8 28. c4 Rc7 29. b4 Kf8 30. Re2 Nf6 31. Rae1 Kg8 32. Kg2 Kf8 33. Kf3 Kg8 34. Rd1 Nd7 35. Bxd7 Qxd7 36. c5 Rbc8 37. Rc1 Qb5 38. Rec2 Kf8 39. Rc3 Kg8 40. Kf2 Qa4 41. Rc4 Qd7 42. cxd6 Rxc4 43. Rxc4 Rd8 44. Qe5 Kf8 45. Qe7+ Qxe7 46. dxe7+ Kxe7 47. Rc7+ Kf6 48. Rxb7 Rxd5 49. Rb6+ Ke7 50. Rxa6 Rb5 51. Rb6 Rxb6 52. axb6 Kd7 53. Ke3 1-0

[Event "Brno op 7th"]
[Site "Brno"]
[Date "2017.11.17"]
[Round "8"]
[White "Pavlicek, Petr"]
[Black "Cip, Dalibor"]
[Result "1-0"]
[WhiteElo "1911"]
[BlackElo "2153"]
[PlyCount "73"]
[EventDate "2017.11.11"]
[EventType "swiss"]
[EventRounds "9"]
[EventCountry "CZE"]
[SourceTitle "CBM 181 Extra"]
[Source "ChessBase"]
[SourceDate "2017.12.12"]
[SourceVersion "1"]
[SourceVersionDate "2017.12.12"]
[SourceQuality "1"]

1. c4 c5 2. Nc3 g6 3. g3 Bg7 4. Bg2 Nc6 5. e3 e6 6. Nge2 Nge7 7. d4 cxd4 8. exd4 0-0 9. 0-0 d5 10. cxd5 Nxd5 11. Nxd5 exd5 12. Be3 Bg4 13. Re1 Qd7 14. Qd2 Bh3 15. Bh1 Bf5 16. Rac1 Rfe8 17. Rc5 Be4 18. f3 Bf5 19. a3 b6 20. Rc3 Rac8 21. b4 h5 22. Kf2 Kh7 23. Rcc1 Re6 24. Bg2 Rce8 25. Bf4 a6 26. h3 Rxe2+ 27. Rxe2 Nxd4 28. Rxe8 Qxe8 29. Qe3 Ne6 30. Be5 d4 31. Qe1 Bh6 32. f4 Qa4 33. Rc8 g5 34. Be4 Ng7 35. Bxg7 Bxe4 36. Bxh6 Bf5 37. Qe5 1-0